Normale Ansicht MARC-Ansicht ISBD

BF informiert (Titelsatznr. 26007)

[ MARC ]
MARC-Details
000 -Satzkennung
Kontrollfeld mit fester Länge 01265nam a22003611cc4500
001 - Kontrollnummer
Kontrollfeld aaaa12952886+30
035 ## - Systemkontrollnummer
System-Kontrollnummer aaaa12952886
008 - Feld mit fester Länge zur physischen Beschreibung - Allgemeine Angaben
Kontrollfeld mit fester Länge 151116s2011 gw |||| 000u ger d
020 ## - Internationale Standardbuchnummer
Internationale Standardbuchnummer 9783942130738
Verknüpfung 978-3-942130-73-8
041 ## - Sprachcode
Sprachcode des Textes/der Tonspur oder des separaten Titels ger
040 ## - Katalogisierungsquelle
Übertragungsstelle RU-10907106
003 - Kontrollnummer Identifier
Kontrollfeld RU-10907106
100 1# - Haupteintragung - Personenname
Personenname Stief, Martin
Koha-Normdatenidentnummer 16813
245 00 - Titel
Titel BF informiert
Titel eines Teils/einer Abteilung eines Werkes Desertionen im geteilten Berlin : Bekämpfung von Fahnenfluchten aus den Reihen der Bereitschaftspolizei im Jahr des Mauerbaus
264 ## - Produktion, Veröffentlichung, Distribution, Herstellung und Urheberrechtsvermerk
Herstellungs-, Veröffentlichungs- Vertriebs-, Erzeugungsort Berlin :
Produzent, Herausgeber, Distributor, Hersteller BStU,
Datum der Herstellung, der Veröffentlichung, des Vertriebs oder des Urheberschutzvermerks 2011
246 12 - Titelvarianten
Hauptsachtitel/Kurztitel BF informiert. Desertionen im geteilten Berlin : Bekämpfung von Fahnenfluchten aus den Reihen der Bereitschaftspolizei im Jahr des Mauerbaus
Zählung des Teils/der Abteilung eines Werkes 30
300 ## - Physische Beschreibung
Umfang 98 S.
336 ## - Inhaltstyp
Inhaltstypterm Text
Inhaltstypcode txt
Quelle rdacontent
337 ## - Medientyp
Bezeichnung des Medientyps Computermedien
Medientypcode c
Quelle rdamedia
338 ## - Datenträgertyp
Datenträgertypbezeichnung Online-Ressource
Datenträgertypcode cr
Quelle rdacarrier
490 #0 - Gesamttitelangabe
Gesamttitelangabe BF informiert
Bandnummer/Folgebezeichnung 30
500 ## - Allgemeine Fußnote
Allgemeine Fußnote Online Ressource frei zugänglich
650 #0 - Nebeneintragung unter einem Schlagwort - Sachschlagwort
Sachschlagwort oder geografischer Name als Eintragungselement Deutsche Frage
Koha-Normdatenidentnummer 115
650 #0 - Nebeneintragung unter einem Schlagwort - Sachschlagwort
Sachschlagwort oder geografischer Name als Eintragungselement Kalter Krieg
650 #0 - Nebeneintragung unter einem Schlagwort - Sachschlagwort
Sachschlagwort oder geografischer Name als Eintragungselement Polizei
Koha-Normdatenidentnummer 903
650 #0 - Nebeneintragung unter einem Schlagwort - Sachschlagwort
Sachschlagwort oder geografischer Name als Eintragungselement Justiz
Koha-Normdatenidentnummer 1997
650 #0 - Nebeneintragung unter einem Schlagwort - Sachschlagwort
Sachschlagwort oder geografischer Name als Eintragungselement MfS
651 #0 - Nebeneintragung unter einem Schlagwort - Geografischer Name
Geografischer Name Berlin
Koha-Normdatenidentnummer 1262
773 08 - Übergeordnete Einheit
Datensatzkontrollnummer aaaa12952886
Zählung und erste Seite 30
710 2# - Nebeneintragung - Körperschaftsname
Körperschafts- oder Gebietskörperschaftsname als Eintragungselement BUSt der ehemaligen DDR
Koha-Normdatenidentnummer 14104
856 4# - Elektronische Adresse und Zugriff
URL <a href="http://www.nbn-resolving.org/urn:nbn:de:0292-97839421307388">http://www.nbn-resolving.org/urn:nbn:de:0292-97839421307388</a>
942 ## - Zusätzliche Felder (Koha)
Koha-Medientyp E-Books
Exemplare
Ausgeschieden Verloren Beschädigt Nicht entleihbar Heimatbibliothek Aufenthaltsbibliothek Aufstellungsort Erwerbungsdatum Inventarnummer Signatur Barcode Letzte Aktivität Preis gültig von Koha-Medientyp
        MWN Osteuropa MWN Osteuropa Online-Ressource 16/11/2015 15-e00472 Digierß E-15-e00472 | D 54 d Sti 26010 18/03/2021 22/03/2021 E-Books